000 00887nam0a22002411i 4500
001 rc\1038833
005 20240723202043.0
035 _a(NLR Aleph) 006201473
090 _a6271987
_c6271987
100 _a20041129d1981 u |0rusy50 ca
101 0 _arus
102 _aRU
105 _ay |||||||||
200 1 _aПочвенные ресурсы Средней Азии
_e(Туран. провинция)
_eАвтореф. дис. на соиск. учен. степ. д-ра с.-х. наук
_e(06.01.03)
210 _aМ.
_d1981
215 _a37 с.
300 _aВ надзаг.: ВАСХНИЛ, Почв. ин-т им. В.В. Докучаева
320 _aБиблиогр.: с. 35-37 (30 назв.)
700 1 _aГенусов
_bА.З.
_gАлександр Залманович
801 0 _aRU
_bNLR
_gpsbo
801 1 _aRU
_bELAR
_2rusmarc
852 _aNLR
_j82-4/14590
942 _cBOOK